000
00323nmm a2200145 a 4500
003
AR-BaBNM
005
20251128203117.0
008
013119s[s.f ||||||||||||||000 | spa||
040
_c
AR-BaBNM
100
1
_a
Gillovin, René
245
1
0
_a
Kant
260
_a
[S.l.]
_b
L. Michud
_c
[s.f.]
942
_c
BK
998
_c
Archipretre
999
_c
1942
_d
1942